Artes e tradições de Viseu (Registo nº 199644)
[ vista simples ]
| 000 -Etiqueta do registo | |
|---|---|
| Valores | 00673nam 22001813 4500 |
| 100 ## - Dados gerais de processamento | |
| Dados gerais | 20251218d u||y0pory50 ba |
| 200 ## - Titulo e menção de responsabilidade | |
| Título próprio | Artes e tradições de Viseu |
| Primeira menção de responsabilidade | levantamento realizado pelo Centro de Estágio de Educação Visual, Escola Preparatória de Viseu |
| 210 ## - Publicação | |
| Local de publicação | Lisboa |
| Nome do editor | Terra Livre |
| Data de publicação | 1982 |
| 215 ## - Descrição física | |
| Paginação / Volumes | 298, [2] p. |
| Outras indicações físicas | il. ; brochado |
| Dimensões | 21 cm |
| 225 ## - Colecção | |
| Título próprio da colecção | Arte e artistas |
| Número de parte ou secção | 3 |
| 606 ## - Nome comum usado como assunto | |
| ID Autoridade | 2051 |
| Palavra de ordem | Antropologia Cultural. Etnologia. Etnografia. Usos e Costumes. Tradições. Modo de vida. Folclore |
| 675 ## - CDU | |
| Notação | 39 |
| Edição | PT |
| Língua | por |
| 710 ## - Autor principal (colectividade) | |
| ID Autoridade | 12662 |
| Nome da entidade | Escola Preparatória de Viseu |
| 801 ## - Fonte de origem | |
| País | PT |
| Agência | BMMN |
| Regras de catalogação | RPC |
| 830 ## - Notas gerais do catalogador | |
| Criado por | Vanda |
| 990 ## - Elementos KOHA | |
| Tipo de documento | Livro |
| Situação do levantamento | Biblioteca de origem | Código de barras | Cota | Permissão de empréstimo | Tipo de documento | Forma de aquisição |
|---|---|---|---|---|---|---|
| Biblioteca Municipal de Montemor-o-Novo | 28576 | 39 ART|DEP | Livro | Compra |